[Event "World Rapid Women 2018"]
[Site "St Petersburg RUS"]
[Date "2018.12.26"]
[Round "4.40"]
[White "Mamedjarova, Zeinab"]
[Black "Drozdova, Dina"]
[Result "1-0"]
[WhiteTitle "WGM"]
[BlackTitle "WIM"]
[WhiteElo "2338"]
[BlackElo "2178"]
[WhiteFideId "13401521"]
[BlackFideId "4170695"]
[EventDate "2018.12.26"]

1. d4 Nf6 2. Nf3 e6 3. e3 b6 4. Bd3 Bb7 5. Nbd2 c5 6. O-O Be7 7. c4 d6 8. b3
cxd4 9. exd4 O-O 10. Bb2 Nbd7 11. Re1 Re8 12. a4 Bf8 13. a5 Qc7 14. Rc1 Qd8 15.
axb6 axb6 16. Bb1 Rc8 17. Nf1 Rc7 18. Ng3 Qa8 19. Re3 Rec8 20. Qe2 b5 21. Bd3
bxc4 22. bxc4 Re8 23. h3 g6 24. Ra1 Qc8 25. Ng5 Ba6 26. Rc1 h6 27. Nxe6 Rxe6 28.
Rxe6 fxe6 29. Bxg6 Nb6 30. Qf3 Rxc4 31. Rxc4 Nxc4 32. Qxf6 Bg7 33. Qf7+ Kh8 34.
Bc3 Qf8 35. Qxe6 Bb5 36. Nh5 Nb6 37. Nxg7 Qxg7 38. Qxd6 Nd7 39. Bf5 Nf8 40. Qc5
Bd7 41. d5 1-0

[Event "World Rapid Women 2018"]
[Site "St Petersburg RUS"]
[Date "2018.12.26"]
[Round "4.41"]
[White "Michna, Marta"]
[Black "Strutinskaia, Galina"]
[Result "1-0"]
[WhiteTitle "WGM"]
[BlackTitle "WGM"]
[WhiteElo "2333"]
[BlackElo "2201"]
[WhiteFideId "1106686"]
[BlackFideId "4108558"]
[EventDate "2018.12.26"]

1. Nf3 d5 2. d3 g6 3. Nbd2 Bg7 4. e4 e6 5. Be2 b6 6. c3 Ne7 7. O-O Ba6 8. Re1
O-O 9. h4 h6 10. a4 dxe4 11. dxe4 Bxe2 12. Qxe2 a5 13. Nc4 Nbc6 14. Bf4 Qc8 15.
Rad1 f6 16. Ne3 Kh7 17. Qc4 e5 18. Bg3 Nd8 19. h5 g5 20. Nd5 Nxd5 21. Rxd5 Ne6
22. Red1 Rf7 23. Nh2 Qe8 24. Ng4 Nc5 25. b3 Rd7 26. Rxd7 Nxd7 27. Qxc7 Rd8 28.
Ne3 Bf8 29. Nd5 Be7 30. Rd3 Kg8 31. Nxe7+ Qxe7 32. b4 axb4 33. cxb4 Kf7 34. a5
bxa5 35. bxa5 Ke8 36. a6 Qb4 37. Rd1 Qa4 38. Qd6 Kf7 39. f3 g4 40. Bf2 gxf3 41.
gxf3 Qb3 42. Qd5+ Qxd5 43. Rxd5 Ke6 44. a7 Ra8 45. Rb5 Kd6 46. Be3 Kc6 47. Rb1
Kc7 48. Kf2 Rh8 49. Rg1 Kb7 50. Rg7 Rd8 51. Kg3 Ka8 52. Kg4 Nf8 53. Kf5 Rd3 54.
Bc5 Rxf3+ 55. Kg4 Rf4+ 56. Kg3 Rxe4 57. Bxf8 Rc4 58. Bd6 Rc1 59. Rf7 Rd1 60. Bb8
Rf1 61. Rf8 Kb7 62. Rf7+ Ka8 63. Bxe5 Rg1+ 64. Kf2 Rg5 65. Bd4 Ra5 66. Rxf6 Kb7
67. Rf7+ Kc6 68. Be3 1-0

[Event "World Rapid Women 2018"]
[Site "St Petersburg RUS"]
[Date "2018.12.26"]
[Round "4.42"]
[White "Gvanceladze, Anna"]
[Black "Charochkina, Daria"]
[Result "0-1"]
[WhiteTitle "WFM"]
[BlackTitle "IM"]
[WhiteElo "2264"]
[BlackElo "2344"]
[WhiteFideId "4113721"]
[BlackFideId "4180917"]
[EventDate "2018.12.26"]

1. e4 c6 2. d4 d5 3. exd5 cxd5 4. Bd3 Nc6 5. c3 Qc7 6. Ne2 Bg4 7. O-O Nf6 8. f3
Bd7 9. Bf4 e5 10. dxe5 Nxe5 11. Nd4 Bd6 12. Kh1 O-O 13. Na3 a6 14. Rc1 Nh5 15.
Bxe5 Bxe5 16. g3 Bxg3 17. hxg3 Nxg3+ 18. Kg2 Nxf1 19. Qxf1 Qf4 20. Ne2 Qg5+ 21.
Ng3 Qd2+ 22. Be2 Qxb2 23. Nc2 Qxc3 24. Na1 Qa3 25. Bd3 Rac8 26. Rd1 Qxa2+ 27.
Ne2 Rfe8 28. Kg3 Re3 29. Nf4 d4 30. Qh1 h6 31. Qh5 Bc6 32. Rf1 Bxf3 33. Rxf3
Qxa1 34. Rxe3 Qg1+ 35. Ng2 dxe3 36. Qf5 Qf2+ 37. Qxf2 exf2 38. Kxf2 a5 39. Nf4
a4 0-1

[Event "World Rapid Women 2018"]
[Site "St Petersburg RUS"]
[Date "2018.12.26"]
[Round "4.43"]
[White "Guichard, Pauline"]
[Black "Stetsko, Lanita"]
[Result "1/2-1/2"]
[WhiteTitle "WGM"]
[BlackTitle "FM"]
[WhiteElo "2378"]
[BlackElo "2194"]
[WhiteFideId "639370"]
[BlackFideId "13505300"]
[EventDate "2018.12.26"]

1. d4 Nf6 2. Nf3 e6 3. Bf4 d5 4. e3 c5 5. Be2 Nc6 6. c3 Bd6 7. dxc5 Bxc5 8. Nbd2
O-O 9. O-O h6 10. h3 Bd6 11. Bxd6 Qxd6 12. c4 Rd8 13. Rc1 Qe7 14. a3 e5 15. cxd5
Rxd5 16. Bc4 Rd8 17. Qc2 e4 18. Nh2 Bf5 19. Rfd1 Ne5 20. Nhf1 Rac8 21. Qa4 a6
22. Qa5 Bxh3 23. Bxf7+ Nxf7 24. gxh3 Rxc1 25. Rxc1 Nd5 26. Ng3 Ng5 27. h4 Nf3+
28. Nxf3 exf3 29. Rd1 b6 30. Qxa6 Qxh4 31. Rd4 Qg5 32. Qc4 Kh8 33. Qd3 Rc8 34.
Qd1 Nxe3 35. Qd2 Nc4 36. Qxg5 hxg5 37. Ne4 Nxb2 38. Nxg5 Nc4 39. Rd3 Ra8 40. a4
Ne5 41. Re3 Ng6 42. Rxf3 Rxa4 43. Kf1 b5 44. Rb3 b4 45. Ke2 Kg8 46. Kd3 Ra3 47.
Kc2 Ra2+ 48. Rb2 Rxb2+ 49. Kxb2 Ne5 50. Kb3 Nd3 51. Kc4 Nxf2 52. Kxb4 g6 53. Kc4
Kg7 54. Kd4 Kf6 55. Nh7+ Kf5 56. Ke3 Ng4+ 57. Kf3 Nh6 58. Kg3 Nf7 59. Kf3 Ng5+
60. Nxg5 Kxg5 61. Kg3 Kf5 62. Kf3 g5 63. Kg3 1/2-1/2

[Event "World Rapid Women 2018"]
[Site "St Petersburg RUS"]
[Date "2018.12.26"]
[Round "4.44"]
[White "Kabanova, Ekaterina"]
[Black "Kovanova, Baira"]
[Result "1-0"]
[WhiteTitle "WFM"]
[BlackTitle "WGM"]
[WhiteElo "2095"]
[BlackElo "2352"]
[WhiteFideId "24112917"]
[BlackFideId "4164083"]
[EventDate "2018.12.26"]

1. c4 e5 2. e3 Nf6 3. a3 d6 4. Qc2 g6 5. d3 Bg7 6. Nf3 O-O 7. Be2 Qe7 8. Nbd2 c6
9. Rb1 a5 10. b4 axb4 11. axb4 d5 12. O-O Re8 13. Bb2 Nbd7 14. Rfc1 e4 15. dxe4
dxe4 16. Nd4 h5 17. Bc3 Nf8 18. Ra1 Bd7 19. Rxa8 Rxa8 20. Qb2 Bg4 21. Bf1 Rd8
22. Ra1 Bc8 23. Ra7 Qd6 24. h3 N8d7 25. Qc2 Re8 26. Ra8 Qc7 27. N4b3 Kh7 28. Qb2
Bh8 29. Be2 b6 30. Qa1 Bg7 31. Nd4 Ne5 32. b5 c5 33. Nc6 Nxc6 34. Bxf6 Bxf6 35.
Qxf6 Nb4 36. g4 Qd7 37. Nf1 Re6 38. Qh4 Rd6 39. Ng3 Bb7 40. Ra7 Kg7 41. gxh5 Nd3
42. hxg6 fxg6 43. Nxe4 Re6 44. Ng5 1-0

[Event "World Rapid Women 2018"]
[Site "St Petersburg RUS"]
[Date "2018.12.26"]
[Round "4.45"]
[White "Zhukova, Natalia"]
[Black "Chernyak, Viktoria"]
[Result "1/2-1/2"]
[WhiteTitle "GM"]
[BlackTitle "WFM"]
[WhiteElo "2377"]
[BlackElo "2186"]
[WhiteFideId "14101513"]
[BlackFideId "24165956"]
[EventDate "2018.12.26"]

1. c4 c6 2. d4 d5 3. Nf3 e6 4. Qc2 Nf6 5. g3 dxc4 6. Bg2 b5 7. O-O Bb7 8. b3
cxb3 9. axb3 Nbd7 10. Nc3 a6 11. e4 Rc8 12. Rd1 Be7 13. Ng5 Qb6 14. Be3 Ng4 15.
Bf4 h6 16. Nf3 O-O 17. e5 c5 18. d5 exd5 19. Nxd5 Bxd5 20. Rxd5 Qe6 21. Rxd7
Qxd7 22. h3 Nxf2 23. Kxf2 Qe6 24. Kg1 Rfd8 25. Kh2 c4 26. bxc4 Rxc4 27. Qe2 Rdc8
28. Nd2 R4c7 29. h4 Rc1 30. Ra2 Qb6 31. Be3 Bc5 32. Nc4 Rxc4 33. Bf4 Re8 34. Bd5
Rd4 35. Qf3 Re7 36. Rc2 b4 37. Bb3 Rd8 38. e6 fxe6 39. Qh5 Bd4 40. Qg6 Bf6 41.
Re2 a5 42. Bc2 b3 43. Qh7+ Kf8 44. Bg6 Red7 45. Be3 Qb5 46. Rf2 Qe5 47. Bc1 Qc5
48. Rxf6+ Ke7 49. Qxg7+ Kd6 50. Bf4+ Kd5 51. Qxh6 Qf2+ 52. Kh3 Qf1+ 53. Kg4 Qe2+
54. Kh3 Qf1+ 55. Kg4 Qe2+ 56. Kh3 Qf1+ 57. Kg4 Qe2+ 1/2-1/2

[Event "World Rapid Women 2018"]
[Site "St Petersburg RUS"]
[Date "2018.12.26"]
[Round "4.46"]
[White "Romanovskaya, Anna"]
[Black "Bulatova, Kamaliya"]
[Result "1-0"]
[WhiteTitle "WFM"]
[BlackTitle "WFM"]
[WhiteElo "2210"]
[BlackElo "2007"]
[WhiteFideId "4164725"]
[BlackFideId "34111546"]
[EventDate "2018.12.26"]

1. e4 c5 2. Nc3 d6 3. Bb5+ Nc6 4. Bxc6+ bxc6 5. d3 e6 6. f4 g6 7. Nf3 Bg7 8. O-O
Ne7 9. Qe1 d5 10. b3 c4 11. dxc4 dxc4 12. Be3 Qa5 13. Bd2 Qb6+ 14. Kh1 cxb3 15.
axb3 Ba6 16. Rf2 O-O 17. Na4 Qc7 18. Rd1 c5 19. Ne5 f6 20. Ba5 Qc8 21. Nd7 Nc6
22. Nxf8 Bxf8 23. Bc3 Be7 24. Rfd2 Qb8 25. Qh4 Qf8 26. Rd7 Bc8 27. Rxe7 Nxe7 28.
Bxf6 Nc6 29. e5 Rb8 30. Rd6 Bb7 31. Nxc5 Qe8 32. Rd7 h5 33. Qg5 Bc8 34. Rg7+ 1-0

[Event "World Rapid Women 2018"]
[Site "St Petersburg RUS"]
[Date "2018.12.26"]
[Round "4.47"]
[White "Bezgodova, Svetlana"]
[Black "Haussernot, Cecile"]
[Result "0-1"]
[WhiteTitle "WIM"]
[BlackTitle "WIM"]
[WhiteElo "2046"]
[BlackElo "2196"]
[WhiteFideId "4110650"]
[BlackFideId "601632"]
[EventDate "2018.12.26"]

1. Nf3 c5 2. d3 d5 3. Nbd2 Nc6 4. c3 e5 5. e4 Nf6 6. Be2 Be7 7. O-O O-O 8. a3 a5
9. a4 h6 10. Re1 Be6 11. exd5 Bxd5 12. Bf1 Bd6 13. Ne4 Nxe4 14. dxe4 Be6 15. h3
Qe7 16. Be3 Rad8 17. Nd2 Qc7 18. Bc4 Bc8 19. Qb3 Kh8 20. Bd5 f5 21. exf5 Bxf5
22. Be4 Bc8 23. Qc4 Rf6 24. Bc2 Be6 25. Qh4 Be7 26. Qg3 Nd4 27. Bxd4 cxd4 28.
Ne4 Rf4 29. Rac1 Bh4 30. Qd3 Bc4 31. Qd2 d3 32. Bd1 Bd5 33. Ng3 Bxg3 34. fxg3
Qc5+ 35. Re3 Re4 36. Kf2 Rxe3 37. Qxe3 d2 38. Ra1 Rf8+ 39. Bf3 Qc6 40. Ke2 e4
41. Bg4 h5 42. Bxh5 Bb3 43. Qd4 d1=Q+ 44. Rxd1 Bxd1+ 45. Kxd1 e3 46. Be2 Qh6 47.
g4 Qg5 48. Kc1 Rd8 49. Qe4 Rf8 50. Kb1 Rd8 51. Ka2 b6 52. Bc4 Rf8 53. Bd3 g6 54.
Qd4+ Kh7 55. Qe4 Kg7 56. h4 Qxh4 57. Qxg6+ Kh8 58. Qxb6 Qg5 59. Qd6 Rf6 60. Qd4
Kg7 61. Bf5 Kf8 62. Qd8+ Kf7 63. Qxa5 Qf4 64. Qd5+ Kg7 65. Qd7+ Rf7 66. Qe8 Qc4+
67. Ka3 Qc5+ 68. Ka2 Qd5+ 69. Ka3 Qd6+ 70. b4 Re7 71. Qh5 0-1

[Event "World Rapid Women 2018"]
[Site "St Petersburg RUS"]
[Date "2018.12.26"]
[Round "4.48"]
[White "Vo, Thi Kim Phung"]
[Black "Goltseva, Ekaterina"]
[Result "1/2-1/2"]
[WhiteTitle "WGM"]
[BlackTitle "WFM"]
[WhiteElo "2352"]
[BlackElo "2153"]
[WhiteFideId "12401838"]
[BlackFideId "24173770"]
[EventDate "2018.12.26"]

1. d4 d5 2. c4 dxc4 3. Nf3 a6 4. e3 Bg4 5. Bxc4 e6 6. h3 Bh5 7. Nbd2 Nc6 8. O-O
Nf6 9. b3 Bd6 10. Bb2 O-O 11. Qe2 Qe7 12. e4 e5 13. g4 Bg6 14. Rfe1 Rfe8 15. d5
Nb8 16. a3 c6 17. dxc6 Nxc6 18. b4 Rac8 19. Rac1 a5 20. b5 Nb8 21. a4 Nbd7 22.
Bd3 Nb6 23. Bc2 Nfd7 24. Bb3 Nc5 25. Ra1 Nxb3 26. Nxb3 Rc4 27. Nfd2 Rc2 28. Bc1
Bb4 29. Qd1 Rc3 30. f3 Qh4 31. Re2 Qxh3 32. Rh2 Qg3+ 33. Rg2 Qh4 34. Bb2 Rd3 35.
Qc2 Red8 36. Bxe5 R3d7 37. Nf1 Qe7 38. Bg3 Rc8 39. Qe2 Rc3 40. Rb1 Nxa4 41. Be1
Rc8 42. Nxa5 Bxe1 43. Qxe1 Rd3 44. Rf2 Rcc3 45. Kg2 Qc7 46. b6 Nxb6 47. Nh2 h6
48. Rb5 Nc4 49. Nxc4 Rxc4 50. Qb1 Rd7 51. Nf1 Qc8 52. Ne3 Rcd4 53. Qb2 Qc6 54.
Nd5 Rxe4 55. fxe4 Bxe4+ 56. Kg3 Rxd5 57. Rxd5 Qxd5 58. Rd2 Qc5 59. Qd4 Qa3+ 60.
Kf4 Qf3+ 61. Ke5 Bg6 62. Kd6 Qc6+ 63. Ke7 Qc7+ 64. Qd7 Qe5+ 65. Kd8 Qg5+ 66. Kc7
Qa5+ 67. Kb8 Qe5+ 68. Kxb7 Be4+ 69. Kb6 Qf6+ 70. Kb5 Qe5+ 71. Kb4 Bg6 72. Rd4
Qe1+ 73. Kc5 Qc3+ 74. Rc4 Qe5+ 75. Kb4 Qb2+ 76. Ka5 Qa3+ 77. Kb6 Qb3+ 78. Kc5
Bd3 79. Rd4 Qa3+ 80. Kb6 Qa6+ 81. Kc5 Qa5+ 82. Kd6 Qb6+ 83. Ke5 Qc5+ 84. Kf4 Bg6
85. Qe8+ Kh7 86. Rd8 Qc4+ 87. Ke3 Qc3+ 88. Kf2 Qc2+ 89. Kg3 Qc7+ 90. Kh3 Qc3+
91. Kg2 Qc2+ 92. Kg3 Qc7+ 93. Kg2 Bb1 94. Rd7 Qc6+ 95. Kf2 Qc5+ 96. Ke2 Qc4+ 97.
Kf3 Qc6+ 98. Ke3 Qc3+ 99. Kf2 Qc5+ 100. Kf3 Qc6+ 101. Ke3 Bg6 102. Qe7 Qc3+ 103.
Kf2 Qc2+ 104. Kg3 Qc1 105. Qe2 Qg1+ 106. Kf4 Qc1+ 107. Rd2 Qc7+ 108. Kf3 Qc6+
109. Kg3 Be4 110. Qe3 Qc7+ 111. Kh3 Bg6 112. Kg2 Qc4 113. Kg3 Qc1 114. Re2 Qh1
115. Rh2 Qd5 116. Rf2 Qc4 117. Rf4 Qc7 118. Kg2 Qc2+ 119. Rf2 Qc4 120. Rf4 Qd5+
121. Kh2 Qd6 122. Kg2 Qd5+ 123. Kh2 Qd6 124. Kg2 Qd5+ 125. Kf2 Qh1 126. Ke2 Qg2+
127. Qf2 Qd5 128. Qd4 Qa2+ 129. Ke3 Qb3+ 130. Kf2 Qc2+ 131. Kg3 Qc1 132. Qf2
Qc3+ 133. Kh2 Qc7 134. Qg3 Qc2+ 135. Rf2 Qb1 136. Qg1 Qb8+ 137. Qg3 Qb1 138. Qf4
Qd3 139. Rd2 Qc3 140. Qd4 Qf3 141. Rf2 Qc6 142. Kg3 Qc7+ 143. Kg2 Qc6+ 144. Kh2
Qc7+ 145. Qf4 Qc3 1/2-1/2

[Event "World Rapid Women 2018"]
[Site "St Petersburg RUS"]
[Date "2018.12.26"]
[Round "4.49"]
[White "Lysenko, Margarita"]
[Black "Nomin-Erdene, Davaademberel"]
[Result "0-1"]
[WhiteTitle "WFM"]
[BlackTitle "IM"]
[WhiteElo "2190"]
[BlackElo "2376"]
[WhiteFideId "34100200"]
[BlackFideId "4900782"]
[EventDate "2018.12.26"]

1. c4 f5 2. Nf3 Nf6 3. g3 g6 4. Bg2 Bg7 5. O-O d6 6. d4 O-O 7. Nc3 c6 8. b3 Na6
9. Bb2 Nc7 10. Qd2 Bd7 11. Rad1 Rb8 12. d5 c5 13. e4 fxe4 14. Ng5 b5 15. cxb5
Nxb5 16. Nxb5 Rxb5 17. Nxe4 Nxe4 18. Bxe4 Qa5 19. Qc1 Qxa2 20. Bxg7 Kxg7 21. Bd3
Rb7 22. Bc4 Qa5 23. Qe3 Bf5 24. Ra1 Qd8 25. h4 Bg4 26. Rfe1 Qd7 27. Qg5 Rf6 28.
Re4 Bf3 29. Re6 Rxe6 30. dxe6 Qe8 31. Re1 Qf8 32. Re3 h6 33. Qf4 Qxf4 34. gxf4
Bc6 35. Rg3 Kf6 36. h5 gxh5 37. Bd3 Kxe6 38. Rg6+ Kd7 39. Bf5+ Kc7 40. Be6 d5
41. Rxh6 Rxb3 42. Rxh5 Kd6 43. Rh6 c4 44. Bf5+ Kc5 45. Rh8 a5 46. Rc8 a4 47. Bc2
a3 0-1

[Event "World Rapid Women 2018"]
[Site "St Petersburg RUS"]
[Date "2018.12.26"]
[Round "4.50"]
[White "Semenova, Elena1"]
[Black "Shvayger, Yuliya"]
[Result "0-1"]
[WhiteTitle "WIM"]
[BlackTitle "IM"]
[WhiteElo "2260"]
[BlackElo "2393"]
[WhiteFideId "24125148"]
[BlackFideId "14100126"]
[EventDate "2018.12.26"]

1. e4 c5 2. Nf3 Nc6 3. Bb5 g6 4. Bxc6 bxc6 5. O-O Bg7 6. Re1 Nh6 7. c3 O-O 8. d4
cxd4 9. cxd4 d5 10. e5 f6 11. exf6 exf6 12. Nc3 Bg4 13. h3 Bxf3 14. Qxf3 Nf5 15.
Qd3 Qb6 16. Rd1 Rfe8 17. b3 Bf8 18. Bb2 Bd6 19. Na4 Qb7 20. Rac1 Rac8 21. Re1
Bb8 22. Nc5 Qg7 23. Qd2 Qc7 24. g3 Nxg3 25. fxg3 Qxg3+ 26. Kh1 Qxh3+ 27. Kg1
Qg3+ 28. Kf1 Bf4 29. Qf2 Qh3+ 30. Qg2 Qxg2+ 31. Kxg2 Bxc1 32. Rxe8+ Rxe8 33.
Bxc1 Re2+ 34. Kf3 Rxa2 35. Bf4 Kf7 36. Nd3 Ra3 37. Nc5 h5 38. Bd6 Ra1 39. Nb7
Ke6 40. Bg3 g5 41. Nd8+ Kd7 42. Nb7 Rd1 43. Ke3 h4 44. Nc5+ Ke7 45. Bb8 Ra1 46.
Kf3 Kf7 47. Nd7 Kg6 48. Bd6 Kf5 49. Nb8 Rc1 50. Bc5 Rc3+ 51. Kf2 Rxb3 52. Nxc6
g4 53. Ne7+ Ke4 54. Ng8 Rb2+ 55. Kg1 Kf3 56. Nxf6 Rb1+ 0-1

[Event "World Rapid Women 2018"]
[Site "St Petersburg RUS"]
[Date "2018.12.26"]
[Round "4.51"]
[White "Maroroa, Sue"]
[Black "Khomeriki, Nino"]
[Result "0-1"]
[WhiteTitle "WIM"]
[BlackTitle "WIM"]
[WhiteElo "2120"]
[BlackElo "2347"]
[WhiteFideId "4301498"]
[BlackFideId "13603191"]
[EventDate "2018.12.26"]

1. e4 e5 2. Nf3 Nc6 3. d4 exd4 4. Nxd4 Bc5 5. Nb3 Bb6 6. Nc3 Nf6 7. Bg5 O-O 8.
f3 h6 9. Bh4 g5 10. Bg3 d5 11. Qe2 dxe4 12. Nxe4 Nxe4 13. fxe4 Be6 14. Qh5 Nb4
15. Rc1 Qf6 16. Bd3 Nxd3+ 17. cxd3 Bxb3 18. axb3 Ba5+ 19. Ke2 Qxb2+ 20. Kf3 Qf6+
21. Ke2 Rad8 22. Rc2 Qa6 23. Rd1 Rfe8 24. Rc4 Qf6 25. Rc2 Qe6 26. Rc5 Bb6 27.
Re5 Qc6 28. Rf5 Rxe4+ 29. Kf1 Re7 30. h4 Qg6 31. Qf3 Re3 0-1

[Event "World Rapid Women 2018"]
[Site "St Petersburg RUS"]
[Date "2018.12.26"]
[Round "4.52"]
[White "Nazarova, Anastasia"]
[Black "Fominykh, Maria"]
[Result "1/2-1/2"]
[WhiteTitle "WFM"]
[BlackTitle "WGM"]
[WhiteElo "2157"]
[BlackElo "2259"]
[WhiteFideId "34101737"]
[BlackFideId "4142411"]
[EventDate "2018.12.26"]

1. e4 d6 2. d4 Nf6 3. Nc3 e5 4. dxe5 dxe5 5. Qxd8+ Kxd8 6. Bc4 Be6 7. Bxe6 fxe6
8. Be3 Bd6 9. f3 a6 10. Nh3 Nbd7 11. Nf2 Ke7 12. Nd3 c5 13. Ke2 c4 14. Nf2 b5
15. Rad1 Bc5 16. Rd2 Bxe3 17. Kxe3 Nb6 18. b3 b4 19. Ne2 Rhc8 20. h4 a5 21. g4
a4 22. g5 Nfd7 23. Nc1 axb3 24. axb3 Ra3 25. Ke2 Nc5 26. Ng4 cxb3 27. cxb3 Nxb3
28. Nxb3 Rxb3 29. Nxe5 Rbc3 30. Ra1 R8c7 1/2-1/2

[Event "World Rapid Women 2018"]
[Site "St Petersburg RUS"]
[Date "2018.12.26"]
[Round "4.53"]
[White "Gevorgyan, Maria"]
[Black "Shaydullina, Sandugach"]
[Result "0-1"]
[WhiteTitle "WIM"]
[BlackTitle "WGM"]
[WhiteElo "2228"]
[BlackElo "2033"]
[WhiteFideId "13300270"]
[BlackFideId "4140389"]
[EventDate "2018.12.26"]

1. e4 c5 2. Nc3 e6 3. Nf3 d6 4. d4 cxd4 5. Nxd4 Nf6 6. f3 e5 7. Nb3 Be7 8. Be3
O-O 9. Qd2 a5 10. a4 Nc6 11. g4 Nb4 12. Nd5 Nfxd5 13. exd5 f5 14. c3 Na6 15. Be2
Bh4+ 16. Kd1 f4 17. Bg1 e4 18. Nd4 Nc5 19. h3 exf3 20. Bxf3 Re8 21. Bh2 Re3 22.
Kc2 Qf6 23. b3 Bd7 24. Kb2 Rae8 25. Rhf1 Be1 26. Raxe1 Rxe1 27. Rxe1 Rxe1 28.
Be2 Rh1 29. Bf3 Nd3+ 30. Ka2 Rf1 31. Qxd3 Rf2+ 32. Ka3 Rxh2 33. Qf1 Qh4 34. Bg2
Qg3 35. Bf3 Rf2 36. Qd3 Qg1 37. Bd1 Rf1 38. Qe2 Rxd1 39. b4 Ra1+ 40. Kb3 Bxa4+
41. Kc4 Qf1 0-1

[Event "World Rapid Women 2018"]
[Site "St Petersburg RUS"]
[Date "2018.12.26"]
[Round "4.54"]
[White "Smirnova, Ekaterina"]
[Black "Molchanova, Tatjana"]
[Result "1/2-1/2"]
[WhiteTitle "WFM"]
[BlackTitle "WGM"]
[WhiteElo "2192"]
[BlackElo "2245"]
[WhiteFideId "4110943"]
[BlackFideId "4132203"]
[EventDate "2018.12.26"]

1. d4 Nf6 2. c4 e6 3. Nc3 d5 4. cxd5 exd5 5. Bg5 c6 6. e3 Bb4 7. Bd3 h6 8. Bh4
g5 9. Bg3 Ne4 10. Be5 O-O 11. f3 Nxc3 12. bxc3 Ba5 13. Ne2 Nd7 14. Bf5 Nxe5 15.
Bxc8 Qxc8 16. dxe5 Qf5 17. f4 gxf4 18. exf4 d4 19. g4 1/2-1/2

[Event "World Rapid Women 2018"]
[Site "St Petersburg RUS"]
[Date "2018.12.26"]
[Round "4.55"]
[White "Aseeva, Marina"]
[Black "Petrova, Irina"]
[Result "1/2-1/2"]
[BlackTitle "WIM"]
[WhiteElo "2173"]
[BlackElo "2124"]
[WhiteFideId "4110544"]
[BlackFideId "14124122"]
[EventDate "2018.12.26"]

1. e4 d6 2. d4 Nf6 3. Nc3 g6 4. Bg5 Bg7 5. Qd2 h6 6. Bf4 g5 7. Bg3 Nh5 8. O-O-O
Nc6 9. Nge2 Bd7 10. Kb1 e6 11. f3 Nxg3 12. hxg3 Qf6 13. f4 O-O-O 14. e5 dxe5 15.
dxe5 Qe7 16. Qe3 Kb8 17. Nc1 f6 18. Nd3 fxe5 19. fxe5 Nb4 20. Be2 Bc6 21. Bf3
Nd5 22. Nxd5 exd5 23. g4 Rhe8 24. Rhe1 Bb5 25. a3 c6 26. Nc5 b6 27. a4 Qxc5 28.
Qxc5 bxc5 29. axb5 cxb5 30. Rxd5 Rxd5 31. Bxd5 Rxe5 32. Rxe5 Bxe5 33. Bc6 a6 34.
b3 Kc7 35. Bd5 Kd6 36. c4 Bd4 37. Kc2 Ke5 38. Kd3 Kf4 39. Bb7 bxc4+ 40. Kxc4 Bf2
41. Bxa6 Kxg4 42. Bb7 Kg3 43. b4 cxb4 44. Kxb4 h5 45. Kc4 g4 46. Kd3 h4 47. Ke2
Bb6 48. Kf1 h3 49. gxh3 gxh3 50. Bc6 h2 51. Bd5 Kf4 1/2-1/2

[Event "World Rapid Women 2018"]
[Site "St Petersburg RUS"]
[Date "2018.12.26"]
[Round "4.56"]
[White "Afonasieva, Anna"]
[Black "Kosteniuk, Oksana"]
[Result "1-0"]
[WhiteTitle "WFM"]
[BlackTitle "WFM"]
[WhiteElo "2207"]
[BlackElo "2096"]
[WhiteFideId "24173606"]
[BlackFideId "4187725"]
[EventDate "2018.12.26"]

1. d4 d5 2. Nf3 c6 3. c4 Nf6 4. Nc3 e6 5. e3 Nbd7 6. Bd3 Bb4 7. O-O O-O 8. Qc2
h6 9. a3 dxc4 10. Bxc4 Bxc3 11. Qxc3 b5 12. Bd3 Bb7 13. b4 Nb6 14. e4 Na4 15.
Qc2 Rc8 16. Be3 a5 17. Qd2 axb4 18. axb4 Ng4 19. Bf4 g5 20. Nxg5 hxg5 21. Bxg5
Qxd4 22. e5 f5 23. exf6 Qe5 24. g3 Nxf6 25. Rae1 Qd5 26. Bh6 c5 27. f3 Rfd8 28.
Rxe6 Kf7 29. Rxf6+ Kxf6 30. Qf4+ Ke6 31. Re1+ Kd7 32. Bf5+ Kc6 33. Be4 Kb6 34.
Bxd5 Rxd5 35. bxc5+ Rdxc5 36. Qd6+ R8c6 37. Qd8+ Ka6 38. Be3 Rc8 39. Qd6+ R5c6
40. Qd4 Ra8 41. Ra1 Bc8 42. h4 Kb7 43. h5 Raa6 44. h6 Bf5 45. Qg7+ Rc7 46. Qe5
Bh7 47. Qxb5+ Rb6 48. Bxb6 Nxb6 49. Qa6+ Kc6 50. Rc1+ 1-0

[Event "World Rapid Women 2018"]
[Site "St Petersburg RUS"]
[Date "2018.12.26"]
[Round "4.57"]
[White "Borisova, Ekaterina"]
[Black "Solozhenkina, Elizaveta"]
[Result "0-1"]
[BlackTitle "WIM"]
[WhiteElo "2244"]
[BlackElo "2258"]
[WhiteFideId "34124184"]
[BlackFideId "34106615"]
[EventDate "2018.12.26"]

1. d4 Nf6 2. c4 e6 3. g3 d5 4. Nf3 dxc4 5. Bg2 a6 6. O-O Nc6 7. Nc3 Rb8 8. e4 b5
9. d5 Nb4 10. Bg5 Be7 11. Bxf6 Bxf6 12. Ne1 exd5 13. exd5 Bb7 14. a3 Bxc3 15.
axb4 Bxb4 16. Nc2 Be7 17. Qg4 O-O 18. Ne3 Bf6 19. Rab1 Bc8 20. Qf3 Qd6 21. h4
Re8 22. h5 Bd7 23. Rfe1 a5 24. h6 g6 25. Kh2 Bg5 26. Nc2 Bxh6 27. Nd4 Bg7 28.
Rxe8+ Rxe8 29. Nc6 a4 30. Bf1 Bf5 31. Rd1 Bxb2 32. Nd4 Bxd4 33. Rxd4 a3 34. Rd2
Ra8 35. Ra2 Bb1 36. Ra1 a2 37. Qc3 Qxd5 38. Bg2 Qh5+ 39. Kg1 Rd8 40. Bf3 Qc5 41.
Qf6 Qd4 42. Qg5 f6 0-1

[Event "World Rapid Women 2018"]
[Site "St Petersburg RUS"]
[Date "2018.12.26"]
[Round "4.58"]
[White "Belova, Olga"]
[Black "Lelekova, Olga"]
[Result "1-0"]
[WhiteTitle "WFM"]
[BlackTitle "WIM"]
[WhiteElo "2069"]
[BlackElo "2261"]
[WhiteFideId "4138422"]
[BlackFideId "4164903"]
[EventDate "2018.12.26"]

1. e4 c5 2. Nf3 Nc6 3. Bb5 g6 4. Bxc6 bxc6 5. O-O Bg7 6. Re1 Nf6 7. e5 Nd5 8. d4
cxd4 9. Qxd4 O-O 10. c4 Nc7 11. Qh4 Ne6 12. Bh6 Rb8 13. b3 a5 14. Nc3 f6 15.
Bxg7 Kxg7 16. Rad1 Qc7 17. Ne4 a4 18. Rd3 axb3 19. axb3 h6 20. exf6+ exf6 21.
Nd6 Ba6 22. Nd4 Qa5 23. Rde3 Bc8 24. Nxc8 Rbxc8 25. Nxe6+ dxe6 26. Rxe6 Rce8 27.
Qe4 Rxe6 28. Qxe6 Rf7 29. h3 Qb4 30. Re3 c5 31. Qd6 Qa3 32. Re7 Qa1+ 33. Kh2 Qd4
34. Rxf7+ Kxf7 35. Qxd4 cxd4 36. Kg3 Ke6 37. Kf3 f5 38. Ke2 Kd6 39. b4 Ke5 40.
Kd3 g5 41. b5 1-0

[Event "World Rapid Women 2018"]
[Site "St Petersburg RUS"]
[Date "2018.12.26"]
[Round "4.59"]
[White "Loskutova, Viktoriya"]
[Black "Dumcheva, Julia"]
[Result "1/2-1/2"]
[WhiteTitle "WFM"]
[BlackTitle "WFM"]
[WhiteElo "2105"]
[BlackElo "2168"]
[WhiteFideId "34166278"]
[BlackFideId "24143375"]
[EventDate "2018.12.26"]

1. e4 e6 2. d4 d5 3. Nd2 c5 4. exd5 Qxd5 5. Ngf3 cxd4 6. Bc4 Qd6 7. O-O Nc6 8.
Nb3 a6 9. Nbxd4 Bd7 10. Be3 Nxd4 11. Nxd4 O-O-O 12. Qf3 Nf6 13. Rfd1 Qb4 14. Bb3
Bc5 15. a3 Qb6 16. Bc4 Bb5 17. Nxb5 Bxe3 18. Qxe3 Qxe3 19. fxe3 axb5 20. Bxb5
Kc7 21. h3 Nd5 22. Kf2 h5 23. Rd4 Rh6 24. Rad1 Rf6+ 25. Ke2 Rh8 26. Bd3 g5 27.
Be4 Nb6 28. Bf3 e5 29. Re4 Re6 30. Rb4 f5 31. Kf2 g4 32. Be2 Rc6 33. c3 Rc5 34.
e4 Rf8 35. exf5 Rxf5+ 36. Kg3 Nd5 37. Rb5 Kc6 38. Rxc5+ Kxc5 39. Re1 Nf6 40. Bd3
Rg5 41. Be4 b5 42. Bd3 Nd7 43. Kh4 Rg7 44. Bf5 Kd5 45. Bxg4 Nf6 1/2-1/2